| 000 | 00345nam a2200133Ia 4500 | ||
|---|---|---|---|
| 008 | 240624s9999 xx 000 0 und d | ||
| 041 | _aeng | ||
| 082 | _a420.1 VIN | ||
| 100 | _aVINE BERNADETTE | ||
| 245 | _aROUTLEDGE HANDBOOK OF LANGUAGE IN THE WO | ||
| 260 |
_c2018 _aLondon _bRoutledge |
||
| 300 | _axxvi, 444 p.; 23 cm. | ||
| 365 |
_cBPS _b31 |
||
| 999 |
_c32069 _d32069 |
||